All roads lead to China (Record no. 84911)
[ view plain ]
| 000 -LEADER | |
|---|---|
| fixed length control field | 01112cam a22002655a 4500 |
| 001 - CONTROL NUMBER | |
| control field | L159686 |
| 008 - FIXED-LENGTH DATA ELEMENTS--GENERAL INFORMATION | |
| fixed length control field | 150226s2017 xxk f 000 0 eng d |
| 035 ## - SYSTEM CONTROL NUMBER | |
| System control number | (Sirsi) u159686 |
| 041 0# - LANGUAGE CODE | |
| Language code of text/sound track or separate title | eng |
| 100 1# - MAIN ENTRY--PERSONAL NAME | |
| Personal name | Shepard, Wade |
| 245 00 - TITLE STATEMENT | |
| Title | All roads lead to China |
| 260 ## - PUBLICATION, DISTRIBUTION, ETC. | |
| Date of publication, distribution, etc. | 2017 |
| 490 ## - SERIES STATEMENT | |
| Series statement | Modus |
| Volume/sequential designation | February 2017, 14-20 (7) |
| 520 ## - SUMMARY, ETC. | |
| Summary, etc. | Describes China's $1tn investment in infrastructure across a network of land- and sea-based trade corridors extending across Eurasia. The New Silk Road is a network of complementary development initiatives that are being spearheaded by a group of countries whose mutual interests align over the deeper integration of markets from China to Europe. China kickstarted the process by two trade initiatives: the Silk Road Economic Belt and Maritime Silk Road which should result in One Belt, One Road (OBOR) initiative. |
| 590 ## - LOCAL NOTE (RLIN) | |
| Local note | KA |
| 650 24 - SUBJECT ADDED ENTRY--TOPICAL TERM | |
| Topical term or geographic name entry element | NEW SILK ROAD |
| 650 24 - SUBJECT ADDED ENTRY--TOPICAL TERM | |
| Topical term or geographic name entry element | TRADE DEVELOPMENT |
| 650 24 - SUBJECT ADDED ENTRY--TOPICAL TERM | |
| Topical term or geographic name entry element | TRADE AGREEMENTS |
| 650 24 - SUBJECT ADDED ENTRY--TOPICAL TERM | |
| Topical term or geographic name entry element | trade co |
| 651 #4 - SUBJECT ADDED ENTRY--GEOGRAPHIC NAME | |
| Geographic name | China |
| 651 #4 - SUBJECT ADDED ENTRY--GEOGRAPHIC NAME | |
| Geographic name | Asia |
| 651 #4 - SUBJECT ADDED ENTRY--GEOGRAPHIC NAME | |
| Geographic name | Europe |
| 690 ## - LOCAL SUBJECT ADDED ENTRY--TOPICAL TERM (OCLC, RLIN) | |
| Topical term or geographic name as entry element | Infrastructure |
| 9 (RLIN) | 6246 |
| 942 ## - ADDED ENTRY ELEMENTS (KOHA) | |
| Suppress in OPAC | 0 |
| Withdrawn status | Lost status | Source of classification or shelving scheme | Damaged status | Not for loan | Home library | Current library | Shelving location | Date acquired | Total Checkouts | Full call number | Barcode | Date last seen | Copy number | Price effective from | Koha item type |
|---|---|---|---|---|---|---|---|---|---|---|---|---|---|---|---|
| Dewey Decimal Classification | London | London | Journal article | 11/12/2017 | L159686 | 159686-2001 | 06/08/2019 | 1 | 06/08/2019 | Journal article |